| 000 | 02485cam a22007097i 4500 | ||
|---|---|---|---|
| 001 | 4179 | ||
| 003 | FISKH | ||
| 005 | 20240625150002.0 | ||
| 008 | 141219s2015 nyu j 000 1 eng d | ||
| 010 | _a 2014959843 | ||
| 020 | _a9780545723404 (hc.) | ||
| 020 | _a9781338030693 | ||
| 020 | _a054572340X (hc.) | ||
| 020 | _a9780545723473 | ||
| 020 | _a0545723477 | ||
| 020 | _a9780545725965 | ||
| 020 | _a0545725968 | ||
| 035 | _a(OCoLC)ocn900624119 | ||
| 040 |
_aYDXCP _beng _cYDXCP _dBTCTA _dBDX _dOCLCQ _erda _dSINLB _dOCLCO _dJBL _dOJ4 _dOCLCO _dEHH _dILC _dOCLCO _dJUH _dOCLCO _dNTAUP _dOCLCO _dVP@ _dTOH _dCGP _dOCLCF _dOCLCO _dDLC |
||
| 042 | _alccopycat | ||
| 050 | 0 | 0 | _aPZ7.N8185 |
| 082 | _a813.6 | ||
| 100 | 1 | _aNorthrop, Michael, | |
| 245 | 1 | 0 |
_aValley of Kings / _cMichael Northrop. |
| 250 | _aThis edition first printing 2016 | ||
| 260 |
_aNew York : _bScholastic, _c2015. |
||
| 300 |
_a190 pages : _c20 cm |
||
| 336 |
_atext _2rdacontent |
||
| 337 |
_aunmediated _2rdamedia |
||
| 338 |
_avolume _2rdacarrier |
||
| 490 | 1 |
_aTombQuest ; _vbook 3 |
|
| 505 | _aR | ||
| 520 | _aJourneying to the Valley of Kings, Alex and Ren prepare to combat powerful Death Walkers that are causing trouble throughout the world. | ||
| 521 | 8 |
_a720
_bLexile |
|
| 521 | 8 |
_aR
_bRaz-Plus |
|
| 650 | 0 |
_aMythology, Egyptian _vJuvenile fiction. |
|
| 650 | 0 |
_aMagic _vJuvenile fiction. |
|
| 650 | 0 |
_aGood and evil _vJuvenile fiction. |
|
| 650 | 0 |
_aEgypt _vJuvenile fiction. |
|
| 650 | 0 | _aAdventure stories. | |
| 650 | 0 | _aFantasy. | |
| 650 | 1 |
_aEgyptian mythology _vFiction. |
|
| 650 | 1 |
_aMagic _vFiction. |
|
| 650 | 1 |
_aGood and evil _vFiction. |
|
| 650 | 1 |
_aAdventure and adventurers _vFiction. |
|
| 650 | 1 | _aFantasy. | |
| 650 | 7 |
_aAdventure stories. _2fast _0(OCoLC)fst00797462 |
|
| 650 | 7 |
_aGood and evil. _2fast _0(OCoLC)fst00944894 |
|
| 650 | 7 |
_aMagic. _2fast _0(OCoLC)fst01005468 |
|
| 650 | 7 |
_aMythology, Egyptian. _2fast _0(OCoLC)fst01031782 |
|
| 650 | 7 |
_aFantasy fiction. _2gsafd |
|
| 651 | 0 |
_aValley of the Kings (Egypt) _vJuvenile fiction. |
|
| 651 | 1 |
_aValley of the Kings (Egypt) _vFiction. |
|
| 651 | 1 |
_aEgypt _vFiction. |
|
| 651 | 7 |
_aEgypt. _2fast _0(OCoLC)fst01208755 |
|
| 651 | 7 |
_aEgypt _zValley of the Kings. _2fast _0(OCoLC)fst01241843 |
|
| 655 | 7 |
_aFiction. _2fast _0(OCoLC)fst01423787 |
|
| 655 | 7 |
_aJuvenile works. _2fast _0(OCoLC)fst01411637 |
|
| 906 |
_a7 _bcbc _ccopycat _d2 _eepcn _f20 _gy-gencatlg |
||
| 942 |
_2ddc _cBK _n0 |
||
| 999 |
_c4179 _d4179 |
||